<?xml version="1.0" encoding="UTF-8"?>
<record
    xmlns:xsi="http://www.w3.org/2001/XMLSchema-instance"
    xsi:schemaLocation="http://www.loc.gov/MARC21/slim http://www.loc.gov/standards/marcxml/schema/MARC21slim.xsd"
    xmlns="http://www.loc.gov/MARC21/slim">

  <leader>02369cam a22002533a 4500</leader>
  <controlfield tag="001">20151</controlfield>
  <controlfield tag="003">PGUSA</controlfield>
  <controlfield tag="005">20140828083427.0</controlfield>
  <controlfield tag="008">061220s2006||||xxu|||||s|||||000 | eng d</controlfield>
  <datafield tag="040" ind1=" " ind2=" ">
    <subfield code="a">PGUSA</subfield>
    <subfield code="b">eng</subfield>
  </datafield>
  <datafield tag="042" ind1=" " ind2=" ">
    <subfield code="a">dc</subfield>
  </datafield>
  <datafield tag="050" ind1=" " ind2="4">
    <subfield code="a">BJ</subfield>
  </datafield>
  <datafield tag="100" ind1="1" ind2=" ">
    <subfield code="a">Lewis, Harry A.</subfield>
  </datafield>
  <datafield tag="245" ind1="1" ind2="0">
    <subfield code="a">Hidden Treasures; Or, Why Some Succeed While Others Fail</subfield>
    <subfield code="h">[electronic resource] /</subfield>
    <subfield code="c">Harry A. Lewis</subfield>
  </datafield>
  <datafield tag="260" ind1=" " ind2=" ">
    <subfield code="b">Project Gutenberg,</subfield>
    <subfield code="c">2006</subfield>
  </datafield>
  <datafield tag="505" ind1="0" ind2=" ">
    <subfield code="a">Preface -- Introduction -- Quotations -- Daniel Drew -- Russell Sage -- Cornelius Vanderbilt -- Amos Lawrence -- Horace B. Claflin -- William E. Dodge -- Jay Gould -- John Wannamaker -- Alexander T. Stewart -- Nicholas Longworth -- Robert Bonner -- William G. Fargo -- James C. Flood -- John W. MacKay -- James C. Fair -- Horace Greeley -- Thurlow Weed -- George W. Childs -- James Gordon Bennett -- Phineas T. Barnum -- Mathew Vassar -- John Jacob Astor -- Potter Palmer -- James Harper -- Henry Disston -- Peter Cooper -- George Law -- Darius O. Mills -- Stephen Girard -- Moses Taylor -- William C. Ralston -- George Peabody -- William W. Corcoran -- Nathan Mayer Rothschild -- John Adams -- Thomas Jefferson -- John Marshall -- Alexander Hamilton -- James Madison -- James Monroe -- Lewis Cass -- John C. Calhoun -- Robert Y. Hayne -- Daniel Webster -- Andrew Jackson -- Thomas H. Benton -- Henry Clay -- Martin Van Buren -- Stephen Arnold Douglass -- Abbott Lawrence -- Alexander H. Stephens -- Millard Fillmore -- William H. Seward -- Horatio Seymour -- Winfield S. Hancock -- George B. McClellan -- Ulysses Simpson Grant -- Stonewall Jackson -- General Robert E. Lee -- Henry Wilson -- Abraham Lincoln -- Edward Everett -- Edwin M. Stanton -- Andrew Johnson -- James A. Garfield -- Chester A. Arthur -- John A. Logan -- James G. Blaine -- Samuel J. Tilden -- Henry Ward Beecher -- James Watt -- George Stephenson -- Benjamin Franklin -- Eli Whitney -- Robert Fulton -- Elias Howe, Jr. -- Isaac M. Singer -- Richard M. Hoe -- Charles Goodyear -- Prof. S. F. B. Morse -- Cyrus W. Field -- George M. Pullman -- Thomas A. Edison -- Why some succeed while others fail.</subfield>
  </datafield>
  <datafield tag="506" ind1=" " ind2=" ">
    <subfield code="a">Public domain in the USA.</subfield>
  </datafield>
  <datafield tag="516" ind1=" " ind2=" ">
    <subfield code="a">Electronic text</subfield>
  </datafield>
  <datafield tag="653" ind1=" " ind2=" ">
    <subfield code="a">Success</subfield>
  </datafield>
  <datafield tag="653" ind1=" " ind2=" ">
    <subfield code="a">United States -- Biography</subfield>
  </datafield>
  <datafield tag="830" ind1=" " ind2="0">
    <subfield code="a">Project Gutenberg</subfield>
    <subfield code="v">20151</subfield>
  </datafield>
  <datafield tag="856" ind1="4" ind2="0">
    <subfield code="u">http://www.gutenberg.org/ebooks/20151</subfield>
  </datafield>
  <datafield tag="942" ind1=" " ind2=" ">
    <subfield code="c">EB</subfield>
  </datafield>
  <datafield tag="999" ind1=" " ind2=" ">
    <subfield code="c">249406</subfield>
    <subfield code="d">249406</subfield>
  </datafield>
  <datafield tag="952" ind1=" " ind2=" ">
    <subfield code="0">0</subfield>
    <subfield code="1">0</subfield>
    <subfield code="4">0</subfield>
    <subfield code="a">GTB</subfield>
    <subfield code="b">GTB</subfield>
    <subfield code="d">2014-08-28</subfield>
    <subfield code="l">0</subfield>
    <subfield code="r">2014-08-28 00:00:00</subfield>
    <subfield code="w">2014-08-28</subfield>
    <subfield code="y">EB</subfield>
  </datafield>
</record>
